000 00485ntaaa2200181 4500
003 01
005 20251027203122.0
008 0714s1973 ag 01
040 _aAR-BaBN
_bspa
_cAR-BaBN
_eaacr
_dRIC
082 _a261.7000 T69
100 _aTravieso, Aurelio
_932750
245 _aEspíritu Comunista y el espíritu cristiano
250 _a1 ed. :
_bCasa Bautista de Publicaciones,
_c1963
300 _a8 p
650 _aAutor
_923984
650 _aComunismo-cristianismo
942 _cBK
999 _c26651
_d26651